| 000 | 00682nam a2200205Ia 4500 | ||
|---|---|---|---|
| 003 | OSt | ||
| 005 | 20240418095810.0 | ||
| 008 | 210210b2002 xxu||||| |||| 00| 0 eng d | ||
| 040 | _cAL | ||
| 041 | _aKannada | ||
| 082 | _a794.1K RAMA | ||
| 100 |
_aRAMACHANDRA BHATTA. _dರಾಮಚಂದ್ರ ಭಟ್ಟ _9161284 |
||
| 245 |
_aAdhunika chadurangadalli hosa hosa upayagalu. _b ಆಧುನಿಕ ಚದುರಂಗದಲ್ಲಿ ಹೊಸ ಹೊಸ ಉಪಾಯಗಳು |
||
| 260 |
_aShirasi _bBalasarasvati Prakashana _c2002 |
||
| 300 | _a154 | ||
| 650 |
_aChess chaduranga _9161285 |
||
| 690 |
_aAthletic & Outdoor Sports _9161286 |
||
| 906 | _a058791 | ||
| 942 |
_2ddc _cBK |
||
| 999 |
_c106071 _d106071 |
||